zpět

Detail výsledku týmu

Trojka, Brno

Datum a čas kvízu

30.5 Celkem bodů Celkový počet nahraných bodů na tomto kvízu bez doplňovacích otázek.
6. Pořadí na kvízu Konečné umístění týmu na tomto kvízu.

Zaznamenané odpovědi

# Otázka Odpověď Body Výsledky
1. Minulý pátek se několika návšt... na vyhlídkovém (ruském) kole na Moravském náměstí 1
2. Zaměstnanec letiště Johna F. K... C) živá kočka 1
3. V úterý se v pražském Kině Luc... Král Šumavy 0
4. V pondělí, po pěti dnech letu,... Orion 0
5. V jednom z pátečních zápasů pr... Walesu 0
6. V následujících pěti otázkách... bar, torr, atmosféra / pascal 1
7. Odvozená jednotka SI elektrick... farad 1
8. Jaký odpor v ohmech má spotřeb... 20 Ω 1
9. Přiřaďte tyto jednotky k přísl... 1A 2B 3C 4D 0
10. Uzel je jednotka rychlosti pou... B 1